000 00275nam a22001217a 4500
003 OSt
008 250122b |||||||| |||| 00| 0 eng d
041 _aeng
082 _a631.587
100 _aDahi Goankara
_96979
245 _aText Book of Irrigation Engineering
942 _cBK
999 _c19105
_d19105